000 00986nas a22002177a 4500
007 ta
008 230123b2022 xxk|||||o|||| 00| 0 eng d
041 _aeng
100 _aRees, Rebecca
245 _aPreparing landlords for new Welsh legislation
490 _aProperty Journal
_v25 July 2022
520 _aThis article looks at the implementation of the Renting Homes (Wales) Act 2016 and the impact for residential landlords and the obligations they face including checks on the equivalent of the English fitness for habitation requirements - the Housing health and safety rating system (HHSRS).
650 _aRenting Homes (Wales) Act 2016
650 _aResidential property
650 _aLandlord and Tenant
651 _aWales
690 _96252
_aLandlord and tenant
700 _aRees, Rebecca
700 _aGladwyn, Bethan
856 _uhttps://ww3.rics.org/uk/en/journals/property-journal/preparing-landlords-for-new-welsh-legislation.html
_zAvailable on RICS Journals
999 _c121321
_d121321